000 00618nam a2200217 a 4500
003 OSt
005 20210818181654.0
008 020304s2001 ck gr 00010 spa d
040 _bspa
041 0 _aspa
082 0 4 _a070.44
_bT112n
100 1 _aTabares Ruíz, Rodrigo.
245 1 0 _aNotas de prensa /
_cRodrigo Tabares.
260 _aPereira :
_bDelfos,
_c2001.
300 _a54 páginas
_c21 centímetros
650 6 _aArtículos de prensa.
650 _aNoticias.
650 _aPeriodismo.
650 6 _aCrónicas periodísticas.
942 _2ddc
_h070.44 T112n
_k070.44
_mT112n
999 _c11851
_d11851